| 000 | 01015nac a22003137a 4500 | ||
|---|---|---|---|
| 001 | BR8005324 | ||
| 003 | BR-BrBNA | ||
| 005 | 20240105114758.0 | ||
| 008 | 230509b bl.|||m| |||| 00| 0 por d | ||
| 040 |
_aBR-BrBNA _bpor _cBiblioteca Nacional de Agricultura |
||
| 072 | _aF27; E15 | ||
| 090 | _a0470 BR8005324 | ||
| 100 | 1 | _aCarneiro, J. da S. | |
| 100 | 1 | _aBrandao, J. do N. | |
| 100 | 1 | _aCesar, J. | |
| 110 | 1 |
_aUnidade de Execucao de Pesquisa de Ambito Estadual de Manaus, AM (Brasil) _910369 |
|
| 245 | 1 | _aViabilidade tecnica-economica do consorcio juta x milho [Amazonas, Brasil] | |
| 260 | 3 |
_aManaus, AM (Brasil): _c1980. |
|
| 300 | _a7 p. | ||
| 490 |
_aComunicado Tecnico - Unidade de Execucao de Pesquisa de Ambito Estadual de Manaus (Brazil) _vno. 14 _x |
||
| 650 | _aJUTA | ||
| 650 | _aMILHO | ||
| 650 | _aCONSORCIACAO DE CULTURA | ||
| 650 | _aCUSTO DE PRODUCAO | ||
| 650 | _aVARZEA | ||
| 650 | _aAMAZONAS | ||
| 909 |
_a202312 _bLúcia Elande _c55 _dLúcia Elande |
||
| 942 |
_2AGRIS _n0 _cMS |
||
| 999 |
_c271249 _d271249 |
||